Kenneth ROONEY, Mortality and Imagination. The Life of the Dead in Medieval English Literature, Turnhout, Brepols, 2011 ; 1 vol. in-8o, XIV – 304 p. (Disputatio, 12). ISBN : 978-2-503-52431-3. Prix : € 100,00. (notice n° 1603777)

détails MARC
000 -LEADER
fixed length control field 01570cam a2200157 4500500
005 - DATE AND TIME OF LATEST TRANSACTION
control field 20251228092853.0
041 ## - LANGUAGE CODE
Language code of text/sound track or separate title fre
042 ## - AUTHENTICATION CODE
Authentication code dc
100 10 - MAIN ENTRY--PERSONAL NAME
Personal name Carruthers, Leo
Relator term author
245 00 - TITLE STATEMENT
Title Kenneth ROONEY, Mortality and Imagination. The Life of the Dead in Medieval English Literature, Turnhout, Brepols, 2011 ; 1 vol. in-8o, XIV – 304 p. (Disputatio, 12). ISBN : 978-2-503-52431-3. Prix : € 100,00.
260 ## - PUBLICATION, DISTRIBUTION, ETC.
Date of publication, distribution, etc. 2013.<br/>
500 ## - GENERAL NOTE
General note 72
520 ## - SUMMARY, ETC.
Summary, etc. A Prose Version of Pierre de Nesson’s Vigiles des Morts , an Unknown Text Attributable to Jean Miélot In 1457, the Burgundian copyist and writer Jean Miélot transcribed in his own hand most of the Latin and French prayers added to a personal book of hours belonging to Philip the Good, who had inherited it from his grandfather, Philip the Bold (BRUSSELS, KBR, ms. 11035 – 37). Among these is a prose version of the Vigiles des Morts by the French poet Pierre de Nesson. This article presents this text, unknown to philologists until now, and suggests that it should be attributed to Jean Miélot ; this copy (the only evidence of this text) would therefore be an autograph manuscript. A study of the way the translator has turned the verse of the Vigiles into prose enables us to refine our knowledge of the nature and role of the drafting and copying work performed by Jean Miélot for the Duke of Burgundy.
786 0# - DATA SOURCE ENTRY
Note Le Moyen Age | CXIX | 1 | 2013-05-16 | p. XXII-XXII | 0027-2841
856 41 - ELECTRONIC LOCATION AND ACCESS
Uniform Resource Identifier <a href="https://shs.cairn.info/revue-le-moyen-age-2013-1-page-XXII?lang=fr&redirect-ssocas=7080">https://shs.cairn.info/revue-le-moyen-age-2013-1-page-XXII?lang=fr&redirect-ssocas=7080</a>

Pas d'exemplaire disponible.

PLUDOC

PLUDOC est la plateforme unique et centralisée de gestion des bibliothèques physiques et numériques de Guinée administré par le CEDUST. Elle est la plus grande base de données de ressources documentaires pour les Étudiants, Enseignants chercheurs et Chercheurs de Guinée.

Adresse

627 919 101/664 919 101

25 boulevard du commerce
Kaloum, Conakry, Guinée

Réseaux sociaux

Powered by Netsen Group @ 2025